00420nam a2200157Ia 4500008004100000020001500041041000800056082000800064100001200072245008600084260002700170300002700197365001600224500001000240700001200250230718s9999 xx 000 0 und d a8172241895 aeng bPAR aParr A. aHydraulics And Pneumatics Of Technical Book Servicesnician's And Engineer's Guide c1994bJaico Publishers a222dRef 223 I (11725) cRs.b320.00 a223 I aParr A.